000 00535nam a22001817a 4500
008 170725b xxu||||| |||| 00| p tur d
020 _a9789752894594
041 _atur
050 _aPL248.E7653
100 _9511
_aÜnal Ersözlü
245 _aGençliğin Dün Gecesi
_cÜnal Ersözlü
250 _a1.Basım
260 _aİstanbul
_bEverest Yayınları
_cOcak 2008
300 _a98 Sayfa
500 _aŞubat 2008'de Ünal Erözlü, kitabı Ahmet Tüzün adına imzalamış.
650 0 _9145
_aTürk Edebiyatı
942 _2lcc
_cBK
999 _c662
_d654